LEADER 01776nam a2200337 4500 001 000000363876 003 CaOOAMICUS 005 20250811085652.0 008 250811s2011 it 000 u ita r 020 $a978-88-498-2871-9 040 $aSeMil$bita 100 1 $aMetz, Johann-Baptist,$d<1928- >.$0(OLS)http://semarc/name/9868 240 10$aTrotzdem Hoffen.$0(OLS)http://semarc/title/455207 245 10$aDove si arrende la notte :$bun ebreo e un cristiano in dialogo dopo Auschwitz /$cJohann Baptist Metz, Elie Wiesel ; in dialogo con Ekkehard Schuster e Reinhold Boschert-Kimmig ; a cura e con un saggio di Mariangela Caporale. 264 1$aSoveria Mannelli :$bRubbettino,$c2011. 300 $aVIII, 156 p. ;$c23 cm 490 1 $aCatholica ;$v4 650 4$aWiesel, Elie - Interviste.$0(OLS)http://semarc/subject/58412 650 4$aMetz, Johann Baptist - Interviste.$0(OLS)http://semarc/subject/58413 650 4$aEbrei - Persecuzioni - 1933-1945.$0(OLS)http://semarc/subject/16967 700 1 $aWiesel, Elie,$d<1928-2016>.$0(OLS)http://semarc/name/19284 700 1 $aSchuster, Ekkehard.$0(OLS)http://semarc/name/122569 700 1 $aBoschert-Kimmig, Reinhold.$0(OLS)http://semarc/name/122568 700 1 $aCaporale, Mariangela,$d<1972- >.$0(OLS)http://semarc/name/122567 830 0$aCatholica ;$v4.$0(OLS)http://semarc/title/6164 850 $aSeMil 852 $aSeMil$W1$xVenegono$y1$m2R IV 76$j260578$B254740$CSeMilBibl$Z2$F254740 $81 996 $6020$a978-88-498-2871-9$9(OLS)http://semarc/number/303862 996 $6245$aDove si arrende la notte :$bun ebreo e un cristiano in dialogo dopo Auschwitz$9(OLS)http://semarc/title/455208 996 $6264$aSoveria Mannelli :$bRubbettino$9(OLS)http://semarc/publisher/32145 LEADER 01398nam a2200313 i 4500 001 000000256586 003 CaOOAMICUS 005 20171214000000.0 008 171214s1986 it u000 u ita u 013 $a235494 020 $a88-315-0008-2 040 $aSeMil$bita 100 1 $aDe Mello, Anthony .$0(OLS)http://semarc/name/9903 240 10$aOne minute wisdom.$0(OLS)http://semarc/title/408478 245 13$aIl canto degli uccelli :$bframmenti di saggezza nelle grandi religioni /$cAnthony De Mello ; presentazione di Luigi Sartori. 250 $a2. edizione. 260 $aMilano :$bPaoline,$c1986. 300 $a229 p. :$bill. ;$c18 cm. 490 0 $aLa Parola e le parole ;$v5 500 $aContiene : Indicazioni bibliografiche. 650 4$aSpiritualitą - Testi - Sec. 20.$0(OLS)http://semarc/subject/923 700 1 $aSartori, Luigi .$0(OLS)http://semarc/name/3883 830 3$aLa Parola e le parole ;$v5.$0(OLS)http://semarc/title/7803 850 $aSeMil 852 $aSeMil$W1$xVenegono$y1$m3G III 301/A$j206932$B206932$CSeMilBibl$Z2$F220415 $81 961 $aOmaggio: Altro 996 $6020$a88-315-0008-2$9(OLS)http://semarc/number/280958 996 $6245$aIl canto degli uccelli :$bframmenti di saggezza nelle grandi religioni$9(OLS)http://semarc/title/412351 996 $6260$aMilano :$bPaoline$9(OLS)http://semarc/publisher/29684